[Event "Wch U20 Girls 32nd"]
[Site "Pune"]
[Date "2014.10.12"]
[Round "7"]
[White "Anjana Krishna, Sreela"]
[Black "Bala, Kannamma P"]
[Result "1-0"]
[WhiteElo "1889"]
[BlackElo "2023"]
[PlyCount "69"]
[EventDate "2014.10.06"]
[EventType "swiss"]
[EventRounds "13"]
[EventCountry "IND"]
[SourceTitle "EXT 2015"]
[Source "ChessBase"]
[SourceDate "2014.11.20"]
[SourceVersion "1"]
[SourceVersionDate "2014.11.20"]
[SourceQuality "1"]

1. e4 c5 2. Nf3 e6 3. c4 a6 4. Nc3 Qc7 5. Be2 Nc6 6. 0-0 Nf6 7. b3 Nd4 8. Bb2 d6 9. Re1 Be7 10. Nxd4 cxd4 11. Nb1 e5 12. d3 0-0 13. Nd2 b5 14. a3 bxc4 15. dxc4 Bb7 16. Bd3 g6 17. Qc2 Nh5 18. g3 Qc6 19. Be2 Ng7 20. Bf3 Qb6 21. Qd3 f5 22. exf5 Nxf5 23. c5 dxc5 24. Rxe5 Bxf3 25. Nxf3 Qf6 26. Rae1 Ra7 27. R5e2 Qf7 28. Nd2 a5 29. Nc4 Bf6 30. a4 Bg7 31. Ba3 Qd5 32. Nb6 Qc6 33. Qc4+ Raf7 34. Bxc5 Rd8 35. Re6 1-0

[Event "Wch U20 Girls 32nd"]
[Site "Pune"]
[Date "2014.10.08"]
[Round "3"]
[White "Anjana Krishna, Sreela"]
[Black "Vaishali, Ramesh Babu"]
[Result "0-1"]
[WhiteElo "1889"]
[BlackElo "2124"]
[PlyCount "74"]
[EventDate "2014.10.06"]
[EventType "swiss"]
[EventRounds "13"]
[EventCountry "IND"]
[SourceTitle "EXT 2015"]
[Source "ChessBase"]
[SourceDate "2014.11.20"]
[SourceVersion "1"]
[SourceVersionDate "2014.11.20"]
[SourceQuality "1"]

1. e4 e5 2. Nf3 d6 3. Bc4 Be7 4. d4 exd4 5. Nxd4 Nf6 6. Nc3 0-0 7. 0-0 Nbd7 8. h3 Re8 9. Nf3 Bf8 10. Bf4 Nb6 11. Bd3 Be6 12. Re1 h6 13. Nd4 Bd7 14. Qf3 c5 15. Ndb5 Bc6 16. Na3 d5 17. exd5 Nbxd5 18. Rxe8 Qxe8 19. Bb5 Nxf4 20. Qxf4 Rd8 21. Bxc6 Qxc6 22. Re1 a6 23. Nab1 b5 24. Rd1 Rxd1+ 25. Nxd1 Qe6 26. Qd2 Qxa2 27. Nbc3 Qa1 28. Kh2 c4 29. Qd4 Qc1 30. b3 b4 31. Nd5 Nxd5 32. Qxd5 Qxc2 33. bxc4 b3 34. Qd4 Be7 35. Ne3 Qxf2 36. Qe5 b2 37. Nd1 Qd2 0-1

[Event "Wch U20 Girls 32nd"]
[Site "Pune"]
[Date "2014.10.07"]
[Round "2"]
[White "San Diego, Marie Antoinette"]
[Black "Anjana Krishna, Sreela"]
[Result "0-1"]
[WhiteElo "2033"]
[BlackElo "1889"]
[PlyCount "112"]
[EventDate "2014.10.06"]
[EventType "swiss"]
[EventRounds "13"]
[EventCountry "IND"]
[SourceTitle "EXT 2015"]
[Source "ChessBase"]
[SourceDate "2014.11.20"]
[SourceVersion "1"]
[SourceVersionDate "2014.11.20"]
[SourceQuality "1"]

1. d4 d5 2. c4 e6 3. Nc3 Nf6 4. Nf3 c6 5. Bf4 dxc4 6. e4 b5 7. Qc2 Bb7 8. Be2 Be7 9. 0-0 0-0 10. Rad1 Qa5 11. Bg5 h6 12. Bh4 Re8 13. Ne5 Nfd7 14. Bxe7 Rxe7 15. Ng4 Nf8 16. Qd2 Qb6 17. Qe3 Nbd7 18. Qg3 Kh8 19. Ne3 Ree8 20. Rfe1 Rac8 21. f4 Nh7 22. Bf3 Rcd8 23. Qf2 Qc7 24. e5 Nb6 25. Be4 Nf8 26. Qf3 Nd5 27. Bxd5 exd5 28. a3 a5 29. Ne2 c5 30. Nf5 cxd4 31. Nd6 d3 32. Nd4 Re7 33. N4xb5 Qc6 34. Qf2 Ba6 35. Nd4 Qb6 36. Rd2 Rxd6 37. exd6 Rxe1+ 38. Qxe1 Qxd4+ 39. Rf2 Qe4 40. Qxa5 d2 41. Qxd2 Qb1+ 42. Rf1 Qxf1+ 43. Kxf1 c3+ 44. Ke1 cxd2+ 45. Kxd2 Nd7 46. a4 Nb6 47. b3 Kg8 48. Kc3 Kf8 49. Kd4 Ke8 50. a5 Nc8 51. Kxd5 Bb7+ 52. Kc5 Bxg2 53. b4 Kd7 54. b5 Nxd6 55. a6 Nxb5 56. Kxb5 Ke6 0-1

[Event "Commonwealth-ch"]
[Site "Glasgow"]
[Date "2014.07.07"]
[Round "8"]
[White "Nandhidhaa, PV."]
[Black "Anjana Krishna, Sreela"]
[Result "1-0"]
[WhiteElo "2114"]
[BlackElo "1926"]
[PlyCount "165"]
[EventDate "2014.06.30"]
[EventType "swiss"]
[EventRounds "9"]
[EventCountry "SCO"]
[SourceTitle "CBM 161 Extra"]
[Source "ChessBase"]
[SourceDate "2014.08.29"]
[SourceVersion "1"]
[SourceVersionDate "2014.08.29"]
[SourceQuality "1"]

1. e4 e5 2. Nf3 Nc6 3. Bb5 a6 4. Ba4 Nf6 5. d3 d6 6. c3 g6 7. Bg5 h6 8. Bxf6 Qxf6 9. Nbd2 Bg7 10. Nf1 0-0 11. Ne3 Be6 12. 0-0 Rad8 13. Bb3 Na5 14. Bd5 Bd7 15. a4 Nc6 16. b4 Rb8 17. b5 Ne7 18. Bc4 a5 19. b6 c6 20. d4 Rfd8 21. Qd3 Nc8 22. Rab1 Qe7 23. dxe5 dxe5 24. Qc2 Nd6 25. Be2 f5 26. exf5 gxf5 27. Nc4 Nxc4 28. Bxc4+ Kh8 29. Rfd1 Qf6 30. Qe2 e4 31. Nd4 c5 32. Nb3 Qxb6 33. Rd5 Rbc8 34. Qa2 Qf6 35. Nxc5 Bc6 36. Rxd8+ Rxd8 37. Ne6 Rd7 38. Nd4 Rc7 39. Be6 f4 40. Nxc6 Rxc6 41. Bd5 Rxc3 42. Bxe4 b6 43. h3 Rc8 44. Qb3 Rb8 45. Rc1 Qe5 46. Bf3 Qe7 47. Qb5 Qe8 48. Qf5 Qf8 49. Qg4 Rd8 50. Rc7 Qf6 51. Kh2 Rf8 52. Rc6 Qd4 53. Rg6 Kh7 54. Qe6 Rf6 55. Rxf6 Qxf6 56. Be4+ Kh8 57. Qc8+ Bf8 58. Qb7 Qe7 59. Qc6 Qd6 60. Qb7 Qe7 61. Qd5 Qf6 62. Qd7 Be7 63. Qe8+ Bf8 64. Bd5 Kg7 65. Qd7+ Kh8 66. Bc4 Bg7 67. Qd5 Qf8 68. Qe6 Qd8 69. Qf7 Qf8 70. Qe6 Qd8 71. Bd5 Qb8 72. h4 Qd8 73. Kh3 Bf6 74. Kg4 Bg7 75. Kf3 Qb8 76. Qf7 Qd8 77. Qe6 Qb8 78. h5 Qd8 79. Qf7 Be5 80. Ke4 Bd6 81. Kf5 Qc8+ 82. Kg6 Qg4+ 83. Kxh6 1-0

[Event "Wch U18 Girls"]
[Site "Al Ain"]
[Date "2013.12.23"]
[Round "10"]
[White "Guo, Emma"]
[Black "Anjana Krishna, Sreela"]
[Result "1/2-1/2"]
[WhiteElo "2011"]
[BlackElo "1877"]
[PlyCount "56"]
[EventDate "2013.12.18"]
[EventType "swiss"]
[EventRounds "11"]
[EventCountry "UAE"]
[SourceTitle "CBM 158 Extra"]
[Source "ChessBase"]
[SourceDate "2014.02.28"]
[SourceVersion "1"]
[SourceVersionDate "2014.02.28"]
[SourceQuality "1"]

1. d4 d5 2. c4 e6 3. Nf3 Nf6 4. Nc3 Be7 5. Bf4 0-0 6. Rc1 c6 7. e3 b6 8. Bd3 Bb7 9. cxd5 exd5 10. h3 Nbd7 11. 0-0 Re8 12. Re1 Nf8 13. Ne5 Bd6 14. a3 Ng6 15. Nxg6 hxg6 16. Qf3 Rc8 17. b4 Re6 18. Rc2 Ne8 19. Rec1 c5 20. bxc5 bxc5 21. dxc5 Rxc5 22. Nb5 Rxc2 23. Rxc2 Bxf4 24. Qxf4 a6 25. Nc7 Nxc7 26. Rxc7 Re7 27. Rc5 Rd7 28. Qd4 Rc7 1/2-1/2

[Event "Wch U20 Girls 31st"]
[Site "Kocaeli"]
[Date "2013.09.25"]
[Round "12"]
[White "Alymbay, Kyzy Aizhan"]
[Black "Anjana Krishna, Sreela"]
[Result "1/2-1/2"]
[WhiteElo "1820"]
[BlackElo "1881"]
[PlyCount "122"]
[EventDate "2013.09.13"]
[EventType "swiss"]
[EventRounds "13"]
[EventCountry "TUR"]
[SourceTitle "CBM 156 Extra"]
[Source "ChessBase"]
[SourceDate "2013.10.22"]
[SourceVersion "1"]
[SourceVersionDate "2013.10.22"]
[SourceQuality "1"]

1. e4 d5 2. exd5 Qxd5 3. Nc3 Qd6 4. Nf3 Nf6 5. d4 c6 6. Be2 Bg4 7. Be3 e6 8. Qd2 Qc7 9. h3 Bh5 10. a3 Bd6 11. 0-0 Nbd7 12. Ng5 Bg6 13. Bf3 h6 14. Nge4 Nxe4 15. Bxe4 Bxe4 16. Nxe4 Bh2+ 17. Kh1 f5 18. g3 fxe4 19. Kxh2 0-0-0 20. c4 Ne5 21. Qc2 Nf3+ 22. Kg2 Nxd4 23. Qxe4 e5 24. Rad1 Rhe8 25. Bxd4 exd4 26. Qg4+ Qd7 27. Rxd4 Qxg4 28. Rxg4 Re7 29. Rf4 Rd2 30. b4 Kc7 31. c5 Rd3 32. Rf3 Rd4 33. Rc1 a5 34. Rb1 a4 35. Rf8 Rd3 36. Ra1 b5 37. cxb6+ Kxb6 38. Ra8 Ra7 39. Rb8+ Rb7 40. Ra8 Ra7 41. Rf8 Rc3 42. Rf3 Rb3 43. Rc1 Rd7 44. Rcc3 Rb2 45. Rc5 Rb3 46. Rcc3 Rb2 47. Rc5 Rb3 48. Rfc3 Rd6 49. R5c4 Kb7 50. Rxb3 axb3 51. Rc3 b2 52. Rb3 Rd3 53. Rxb2 Rxa3 54. f4 Kb6 55. g4 Kb5 56. h4 Ra4 57. g5 hxg5 58. fxg5 g6 59. Kg3 Ra3+ 60. Kf4 Rh3 61. Kg4 Rc3 1/2-1/2

[Event "Wch U20 Girls 31st"]
[Site "Kocaeli"]
[Date "2013.09.22"]
[Round "9"]
[White "Assaubayeva, Bibissara"]
[Black "Anjana Krishna, Sreela"]
[Result "1-0"]
[WhiteElo "1761"]
[BlackElo "1881"]
[PlyCount "111"]
[EventDate "2013.09.13"]
[EventType "swiss"]
[EventRounds "13"]
[EventCountry "TUR"]
[SourceTitle "CBM 156 Extra"]
[Source "ChessBase"]
[SourceDate "2013.10.22"]
[SourceVersion "1"]
[SourceVersionDate "2013.10.22"]
[SourceQuality "1"]

1. e4 d5 2. exd5 Qxd5 3. Nc3 Qd6 4. d4 c6 5. Nf3 Nf6 6. Be2 Bf5 7. 0-0 Nbd7 8. Re1 e6 9. a4 a5 10. Bg5 Qc7 11. h3 h6 12. Bxf6 Nxf6 13. Ne5 Bd6 14. Bd3 Bxd3 15. Qxd3 0-0 16. Qe2 Rad8 17. Rad1 Bb4 18. Rd3 Bxc3 19. bxc3 Qe7 20. Rb1 Rb8 21. Nc4 Qd8 22. Qe5 b6 23. Rg3 Kh8 24. Nd6 Qd7 25. Ne4 Qe7 26. c4 Rg8 27. Nxf6 Qxf6 28. Qxf6 gxf6 29. Rgb3 Rbd8 30. Rxb6 Rxd4 31. Rxc6 Rd2 32. Rc1 Rg5 33. c5 Rf5 34. f3 Kg7 35. Rd6 Re2 36. Kf1 Re3 37. Rd3 Ree5 38. Rc3 Rxc5 39. Rxc5 Rxc5 40. c4 Kf8 41. Ke2 Ke7 42. Kd3 Rg5 43. Rc2 Kd6 44. Rb2 Kc6 45. g4 Rg8 46. Rb5 Rg5 47. Kd4 e5+ 48. Ke4 f5+ 49. gxf5 f6 50. Rxa5 Rh5 51. Ra6+ Kc5 52. Rxf6 Rxh3 53. Kxe5 Rh1 54. Rg6 h5 55. f6 Rf1 56. f4 1-0

[Event "Wch U20 Girls 31st"]
[Site "Kocaeli"]
[Date "2013.09.14"]
[Round "2"]
[White "Derakhshani, Dorsa"]
[Black "Anjana Krishna, Sreela"]
[Result "1-0"]
[WhiteElo "2078"]
[BlackElo "1881"]
[PlyCount "51"]
[EventDate "2013.09.13"]
[EventType "swiss"]
[EventRounds "13"]
[EventCountry "TUR"]
[SourceTitle "CBM 156 Extra"]
[Source "ChessBase"]
[SourceDate "2013.10.22"]
[SourceVersion "1"]
[SourceVersionDate "2013.10.22"]
[SourceQuality "1"]

1. e4 e5 2. Nf3 Nf6 3. Nxe5 d6 4. Nf3 Nxe4 5. d4 d5 6. Bd3 Bd6 7. 0-0 0-0 8. c4 c6 9. Re1 Nf6 10. Bg5 Bg4 11. Nbd2 Nbd7 12. Qc2 h6 13. Bh4 dxc4 14. Bxc4 Bb4 15. Re3 Nb6 16. Ne4 Be7 17. Ne5 Nxe4 18. Bxe7 Qxe7 19. Nxg4 Nxc4 20. Qxc4 h5 21. f3 Nd6 22. Qc5 Qd8 23. Qxh5 Nc4 24. Re4 f5 25. Nh6+ gxh6 26. Qg6+ 1-0

[Event "Wch U20 Girls 31st"]
[Site "Kocaeli"]
[Date "2013.09.13"]
[Round "1"]
[White "Anjana Krishna, Sreela"]
[Black "Iwanow, Anna"]
[Result "0-1"]
[WhiteElo "1881"]
[BlackElo "2210"]
[PlyCount "108"]
[EventDate "2013.09.13"]
[EventType "swiss"]
[EventRounds "13"]
[EventCountry "TUR"]
[SourceTitle "CBM 156 Extra"]
[Source "ChessBase"]
[SourceDate "2013.10.22"]
[SourceVersion "1"]
[SourceVersionDate "2013.10.22"]
[SourceQuality "1"]

1. e4 c5 2. c3 d6 3. d4 Nf6 4. Bd3 Nc6 5. Ne2 e5 6. d5 Ne7 7. 0-0 Ng6 8. f4 exf4 9. Nxf4 Ne5 10. Bc2 Be7 11. Nd2 0-0 12. Nd3 Nfg4 13. Nf3 Nxf3+ 14. Qxf3 c4 15. Nf2 Ne5 16. Qe2 Bg5 17. Be3 Bxe3 18. Qxe3 Bd7 19. a4 a6 20. Ra2 Qa5 21. Ra3 Rae8 22. Qd4 Re7 23. Nd1 Rfe8 24. Ne3 Qc7 25. Raa1 Rc8 26. Rf2 Qc5 27. Qd2 Rce8 28. b4 cxb3 29. Bxb3 f5 30. exf5 Nd3 31. f6 Nxf2 32. fxe7 Ng4 33. Qd4 Qxd4 34. cxd4 Nxe3 35. Rc1 Rxe7 36. Rc7 Ng4 37. g3 b5 38. axb5 axb5 39. Bc2 g6 40. Bd3 Kf7 41. Rb7 h5 42. Bxb5 Bxb5 43. Rxb5 Ne3 44. Ra5 Kf6 45. Ra6 Rd7 46. Ra5 Kf5 47. Kf2 Ke4 48. Ra8 Ng4+ 49. Kg2 Kxd4 50. Rg8 Ne5 51. h3 Kxd5 52. g4 hxg4 53. hxg4 Ke4 54. Kg3 d5 0-1

[Event "Wch U20 Girls 29th"]
[Site "Chennai"]
[Date "2011.08.14"]
[Round "12"]
[White "Anjana Krishna, Sreela"]
[Black "Guo, Emma"]
[Result "0-1"]
[WhiteElo "1830"]
[BlackElo "2029"]
[PlyCount "62"]
[EventDate "2011.08.02"]
[EventType "swiss"]
[EventRounds "13"]
[EventCountry "IND"]
[SourceTitle "CBM 143 Extra"]
[Source "ChessBase"]
[SourceDate "2011.08.29"]
[SourceVersion "1"]
[SourceVersionDate "2011.08.29"]
[SourceQuality "1"]

1. e4 g6 2. d4 Bg7 3. Nc3 d6 4. Be3 a6 5. Qd2 b5 6. f3 Nd7 7. Nh3 c5 8. dxc5 dxc5 9. Nf2 e6 10. Be2 Bb7 11. 0-0 Ngf6 12. Rad1 0-0 13. Bh6 Qb6 14. Bxg7 Kxg7 15. Qg5 c4 16. e5 Nd5 17. Nxd5 exd5 18. Kh1 f6 19. exf6+ Qxf6 20. Qxf6+ Rxf6 21. c3 Re8 22. Rd2 Rfe6 23. Bd1 Nc5 24. Kg1 a5 25. h3 b4 26. Bc2 Re2 27. Ne4 R8xe4 28. Rxd5 Bxd5 29. Bxe4 Nxe4 30. fxe4 Bxe4 31. cxb4 Rxg2+ 0-1

[Event "Wch U20 Girls 29th"]
[Site "Chennai"]
[Date "2011.08.13"]
[Round "11"]
[White "Edes, Zsofia"]
[Black "Anjana Krishna, Sreela"]
[Result "1/2-1/2"]
[WhiteElo "2067"]
[BlackElo "1830"]
[PlyCount "79"]
[EventDate "2011.08.02"]
[EventType "swiss"]
[EventRounds "13"]
[EventCountry "IND"]
[SourceTitle "CBM 143 Extra"]
[Source "ChessBase"]
[SourceDate "2011.08.29"]
[SourceVersion "1"]
[SourceVersionDate "2011.08.29"]
[SourceQuality "1"]

1. d4 d5 2. c4 e6 3. Nc3 Nf6 4. Bg5 Be7 5. e3 0-0 6. Nf3 h6 7. Bh4 b6 8. cxd5 Nxd5 9. Bxe7 Qxe7 10. e4 Nxc3 11. bxc3 Bb7 12. Bd3 c5 13. 0-0 Rd8 14. Qa4 cxd4 15. cxd4 Nc6 16. Rad1 Qb4 17. Bc2 Rd6 18. Rd2 Rc8 19. h3 Qxa4 20. Bxa4 Nxd4 21. Rxd4 Rxd4 22. Nxd4 Rc4 23. Bc6 Bxc6 24. Nxc6 Rxc6 25. f3 Rc3 26. Rf2 Kf8 27. Rd2 Ke7 28. Kf2 Rc7 29. g4 e5 30. h4 Rd7 31. Rc2 Kd8 32. Ke2 Rc7 33. Rd2+ Kc8 34. h5 Rd7 35. Rc2+ Kb7 36. Ke3 f6 37. Rc3 Rd1 38. Ke2 Rd7 39. Ke3 a6 40. f4 1/2-1/2

[Event "Wch U20 Girls 29th"]
[Site "Chennai"]
[Date "2011.08.11"]
[Round "9"]
[White "Mejia Salinas, Lluvia Angelica"]
[Black "Anjana Krishna, Sreela"]
[Result "0-1"]
[WhiteElo "1889"]
[BlackElo "1830"]
[PlyCount "122"]
[EventDate "2011.08.02"]
[EventType "swiss"]
[EventRounds "13"]
[EventCountry "IND"]
[SourceTitle "CBM 143 Extra"]
[Source "ChessBase"]
[SourceDate "2011.08.29"]
[SourceVersion "1"]
[SourceVersionDate "2011.08.29"]
[SourceQuality "1"]

1. e4 e5 2. Nf3 Nf6 3. Nxe5 d6 4. Nf3 Nxe4 5. Nc3 Nxc3 6. dxc3 Be7 7. Be3 Nc6 8. Qd2 Be6 9. Bd3 Qd7 10. Ng5 Bxg5 11. Bxg5 f6 12. Be3 a6 13. f4 0-0-0 14. 0-0 Bf5 15. b4 Ne7 16. a4 Bxd3 17. Qxd3 Qf5 18. Qd2 Rde8 19. c4 Qe4 20. c5 Nc6 21. Rfe1 Qxb4 22. c3 Qc4 23. cxd6 Rd8 24. Qd1 Rxd6 25. Qg4+ Rd7 26. Rad1 Qf7 27. Rxd7 Qxd7 28. Qxd7+ Kxd7 29. Kf2 Re8 30. Rd1+ Ke6 31. Kf3 Rd8 32. Rxd8 Nxd8 33. Ke4 f5+ 34. Kd4 Kd6 35. Kc4 Ne6 36. h4 g6 37. g3 Kc6 38. Bf2 Nd8 39. Kd4 Kd6 40. Kc4 Nf7 41. Bd4 Kc6 42. Bc5 Nd6+ 43. Bxd6 cxd6 44. a5 d5+ 45. Kd4 Kd6 46. c4 dxc4 47. Kxc4 Kc6 48. Kd4 Kb5 49. h5 Kxa5 50. h6 b5 51. Ke5 b4 52. Kf6 b3 53. Kg7 b2 54. Kxh7 b1Q 55. Kxg6 Qb6+ 56. Kg7 Qc7+ 57. Kg6 Qd6+ 58. Kg7 Qe7+ 59. Kg8 Qf6 60. h7 Qg6+ 61. Kh8 Kb5 0-1

[Event "Wch U20 Girls 29th"]
[Site "Chennai"]
[Date "2011.08.02"]
[Round "1"]
[White "Saric, Zrinka"]
[Black "Anjana Krishna, Sreela"]
[Result "1/2-1/2"]
[WhiteElo "2116"]
[BlackElo "1830"]
[PlyCount "98"]
[EventDate "2011.08.02"]
[EventType "swiss"]
[EventRounds "13"]
[EventCountry "IND"]
[SourceTitle "CBM 143 Extra"]
[Source "ChessBase"]
[SourceDate "2011.08.29"]
[SourceVersion "1"]
[SourceVersionDate "2011.08.29"]
[SourceQuality "1"]

1. e4 e5 2. Nf3 Nc6 3. Bb5 a6 4. Ba4 Nf6 5. 0-0 Be7 6. Re1 b5 7. Bb3 d6 8. c3 0-0 9. h3 Nb8 10. d3 Nbd7 11. Nbd2 Nc5 12. Bc2 Re8 13. Nf1 Bf8 14. Ng3 g6 15. b4 Ncd7 16. Bb2 Bb7 17. c4 c6 18. a3 Nb6 19. Bb3 h6 20. Rc1 Nbd7 21. cxb5 cxb5 22. d4 Qb6 23. Qd3 Rad8 24. Qb1 Bg7 25. Rcd1 Nh7 26. Re2 exd4 27. Bxd4 Bxd4 28. Rxd4 Ne5 29. Red2 Nxf3+ 30. gxf3 Ng5 31. Qd3 Nxh3+ 32. Kf1 Nf4 33. Rxd6 Rxd6 34. Qxd6 Qxd6 35. Rxd6 Re7 36. Ne2 Nxe2 37. Kxe2 Kg7 38. Kd3 Rc7 39. Rb6 h5 40. Bd1 Rd7+ 41. Kc2 Kh6 42. Be2 h4 43. Bf1 Kg5 44. Bh3 Rc7+ 45. Kd3 Kf4 46. Rd6 Ke5 47. Rd8 Kf4 48. Rd6 Ke5 49. Rd8 Kf4 1/2-1/2

[Event "World School-ch U17 Girls 7th"]
[Site "Krakow"]
[Date "2011.05.03"]
[Round "4"]
[White "Sop, Selen"]
[Black "Anjana Krishna, Sreela"]
[Result "0-1"]
[WhiteElo "1995"]
[BlackElo "1850"]
[PlyCount "132"]
[EventDate "2011.04.30"]
[EventType "tourn"]
[EventRounds "9"]
[EventCountry "POL"]
[SourceTitle "CBM 142 Extra"]
[Source "ChessBase"]
[SourceDate "2011.06.27"]
[SourceVersion "1"]
[SourceVersionDate "2011.06.27"]
[SourceQuality "1"]

1. e4 e5 2. Nf3 Nf6 3. Nxe5 d6 4. Nf3 Nxe4 5. Nc3 Nxc3 6. dxc3 Be7 7. Bf4 Nc6 8. Qd2 Bg4 9. Be2 Qd7 10. 0-0-0 0-0-0 11. h3 Be6 12. Bb5 Bf6 13. Kb1 h6 14. Be3 a6 15. Ba4 d5 16. Bd4 Bxd4 17. Nxd4 b5 18. Bb3 Kb7 19. f4 Nxd4 20. Qxd4 g6 21. g4 c6 22. Rhe1 h5 23. Qf6 hxg4 24. hxg4 Rhe8 25. g5 Bg4 26. Rc1 Rxe1 27. Rxe1 Re8 28. Re5 Rxe5 29. Qxe5 Qe6 30. Qxe6 Bxe6 31. a4 Kb6 32. Kc1 c5 33. axb5 axb5 34. Kd2 c4 35. Ba2 Kc5 36. Ke3 Bf5 37. b4+ Kd6 38. Bb1 Be4 39. Kd4 Bf3 40. Ba2 Be4 41. Bb1 Bg2 42. Ke3 Ke6 43. Kd4 Kf5 44. Kc5 Kxf4 45. Kxb5 Kxg5 46. Kc5 f5 47. b5 f4 48. b6 f3 49. b7 f2 50. b8Q f1Q 51. Qg3+ Kf5 52. Ba2 Qf3 53. Qe1 g5 54. Kd6 Qf4+ 55. Kd7 Kg4 56. Qd1+ Bf3 57. Qg1+ Kh4 58. Qe1+ Qg3 59. Qe7 Kh3 60. Qh7+ Kg2 61. Qf7 Qf4 62. Qg8 g4 63. Kc6 g3 64. Qe8 Kf2 65. Bxc4 dxc4+ 66. Kc5 Qe3+ 0-1

[Event "World School-ch U17 Girls 7th"]
[Site "Krakow"]
[Date "2011.05.01"]
[Round "2"]
[White "Anjana Krishna, Sreela"]
[Black "Tomaszewska, Luiza"]
[Result "0-1"]
[WhiteElo "1850"]
[BlackElo "2002"]
[PlyCount "110"]
[EventDate "2011.04.30"]
[EventType "tourn"]
[EventRounds "9"]
[EventCountry "POL"]
[SourceTitle "CBM 142 Extra"]
[Source "ChessBase"]
[SourceDate "2011.06.27"]
[SourceVersion "1"]
[SourceVersionDate "2011.06.27"]
[SourceQuality "1"]

1. d4 Nf6 2. Nf3 e6 3. e3 d5 4. Bd3 c5 5. c3 Nbd7 6. Nbd2 Bd6 7. 0-0 0-0 8. Bc2 e5 9. dxc5 Nxc5 10. h3 b6 11. Re1 Bb7 12. c4 Bc7 13. cxd5 e4 14. Nd4 Bxd5 15. b4 Ne6 16. Nf1 Nxd4 17. exd4 Bd6 18. a3 Rc8 19. Bg5 Re8 20. Ne3 Be7 21. Nxd5 Qxd5 22. Be3 Rc3 23. Bd2 Rc7 24. Be3 Bd6 25. Bb3 Qf5 26. Rc1 Nd5 27. Rxc7 Bxc7 28. Bxd5 Qxd5 29. Qa4 Re7 30. Rc1 h6 31. Qc6 Qxc6 32. Rxc6 f5 33. g3 Kf7 34. Kf1 Rd7 35. Ke2 Bd6 36. h4 Be7 37. f3 exf3+ 38. Kxf3 Bf6 39. Rc4 Ke6 40. b5 Kd5 41. Rc1 Re7 42. Rc8 Rd7 43. Rc1 g5 44. hxg5 hxg5 45. Bf2 Be7 46. a4 Bd6 47. Be3 g4+ 48. Kf2 Re7 49. Rc3 Rc7 50. Rd3 Ke4 51. Rd2 Rc3 52. Re2 Bxg3+ 53. Kg2 Rxe3 54. Rxe3+ Kxe3 55. Kxg3 Kxd4 0-1